[Event "Cup Russia (open)"]
[Site "masterchessopen.com – Moscow (Russia)"]
[Round "3"]
[White "Ulko Jaroslav (RUS)"]
[Black "Yandemirov Valeri (RUS)"]
[Result "0-1"]
[WhiteElo "2405"]
[BlackElo "2470"]

1.d4 Nf6 2.c4 g6 3.Nc3 d5 4.Nf3 Bg7 5.cxd5 Nxd5 6.Bg5 c5 7.Rc1 Nc6 8.Nxd5 Qxd5
9.Rxc5 Qxa2 10.Qd2 h6 11.Bh4 g5 12.Bg3 g4 13.Ne5 Nxe5 14.Bxe5 Bxe5 15.dxe5 Bf5
16.f3 Rd8 17.Qc1 b6 18.Rc7 gxf3 19.gxf3 Qd5 20.Qf4 Be6 21.Rxa7 Qc5 22.b4 Qc3+
23.Kf2 Rg8 24.h4 Rg6 25.Bg2 Kf8 26.h5 Rg5 27.Rc1 Qb2 28.Rcc7 Rxg2+ 29.Kxg2
Qxe2+ 30.Kg3 Qe1+ {#R} 0-1

[Event "It (open) (b)"]
[Site "masterchessopen.com – Dortmund (Germany)"]
[Round "8"]
[White "Goihl Mona (GER)"]
[Black "Smikalla Ralf (GER)"]
[Result "1-0"]
[WhiteElo "2100"]
[BlackElo "2330"]

1.d4 Nf6 2.c4 g6 3.Nf3 Bg7 4.Nc3 d5 5.cxd5 Nxd5 6.Bd2 O-O 7.e4 Nxc3 8.Bxc3 c5
9.d5 Bxc3+ 10.bxc3 Qa5 11.Qd2 Rd8 12.Be2 Nd7 13.O-O Nf6 14.Qe3 e6 15.d6 Kg7
16.c4 e5 17.Rfd1 Ne8 18.Nxe5 Rxd6 19.Nxf7 Rxd1+ 20.Rxd1 Kxf7 21.Qf4+ Kg8
22.Rd3 Be6 {#r} 1-0

[Event "Mecklenburg Landesliga 1998/99"]
[Site "masterchessopen.com – Germany"]
[Round "4"]
[White "Schroeder Christian Dr (GER)"]
[Black "Birnbaum Wolf-Dieter (GER)"]
[Result "0-1"]
[WhiteElo "2031"]
[BlackElo "2029"]

1.d4 Nf6 2.c4 g6 3.Nc3 d5 4.Nf3 Bg7 5.cxd5 Nxd5 6.g3 c5 7.Qb3 Nxc3 8.bxc3 O-O
9.Bb2 cxd4 10.cxd4 Nc6 11.Rd1 Be6 12.Qa4 b5 13.Qa3 a5 14.e4 Nb4 15.Rd2 Bh6
16.d5 Bxd2+ 17.Kxd2 Bxd5 18.exd5 Qxd5+ 19.Ke2 Qc4+ 20.Ke1 Qe4+ 21.Kd1 Rfd8+
22.Bd4 Rxd4+ 23.Nxd4 Qxd4+ 24.Ke2 Qc4+ 25.Kf3 Qd5+ {#R} 0-1

[Event "Ch Poland (team) (2nd liga) North"]
[Site "masterchessopen.com – Lublin (Poland)"]
[Round "6"]
[White "Kowalczyk Martin (ITA)"]
[Black "Walkusz Witoslaw (POL)"]
[Result "0-1"]
[WhiteElo "2045"]
[BlackElo "2178"]

1.Nf3 Nf6 2.d4 g6 3.c4 Bg7 4.Nc3 d5 5.cxd5 Nxd5 6.Na4 O-O 7.e4 Nb6 8.Be3 Nc6
9.Nc5 Nd7 10.Rc1 Nxc5 11.Rxc5 Bg4 12.d5 Ne5 13.h3 Nxf3+ 14.gxf3 Bd7 15.Qd2 c6
16.h4 b6 17.dxc6 bxc5 18.cxd7 Qb6 19.b4 Qxb4 20.Qxb4 cxb4 21.Bb5 Rfd8 22.Ke2
Rab8 23.Ba4 Rb7 24.Rc1 Bc3 25.Rd1 Kg7 26.f4 Rc7 27.e5 e6 28.Rd6 h6 29.Ra6
Rdxd7 30.Bxd7 Rxd7 {#R} 0-1

[Event "Ch City"]
[Site "masterchessopen.com – Mar del Plata (Argentina)"]
[Round "10"]
[White "Polo Gomez Vicente (ARG)"]
[Black "Corsi Ferrari Nestor (ARG)"]
[Result "0-1"]
[WhiteElo "2220"]
[BlackElo "2330"]

1.Nf3 Nf6 2.c4 g6 3.d4 Bg7 4.Nc3 d5 5.cxd5 Nxd5 6.Bd2 c5 7.e4 Nxc3 8.Bxc3 cxd4
9.Nxd4 O-O 10.Qa4 Nd7 11.Rd1 Nc5 12.Qc2 Qb6 13.b4 Ne6 14.Nb3 Qc6 15.Rd3 Qxe4+
16.Be2 Nf4 17.Bxg7 Nxd3+ 18.Kf1 Kxg7 19.Bxd3 Qxb4 20.h4 h5 21.Qc7 Qd6 22.Qc3+
Qf6 23.Qb4 a5 24.Qe1 Rd8 25.Be4 a4 26.Nc1 Ra6 27.Bf3 Rad6 28.Kg1 Bg4 {#R} 0-1

[Event "It"]
[Site "masterchessopen.com – Bad Segeberg (Germany)"]
[Round "4"]
[White "Schwarz Frank (GER)"]
[Black "Christ Ralf (GER)"]
[Result "1-0"]
[WhiteElo "2211"]
[BlackElo "2251"]

1.d4 Nf6 2.Nf3 g6 3.c4 Bg7 4.Nc3 d5 5.cxd5 Nxd5 6.Qb3 Nb6 7.Bg5 Be6 8.Qc2 Nc6
9.Rd1 h6 10.Bf4 Nb4 11.Qb1 Bc4 12.Be5 O-O 13.Bxg7 Kxg7 14.Ne5 Ba6 15.h4 Nc4
16.Rh3 Nxe5 17.dxe5 Qc8 18.Qe4 c5 19.a3 Nc6 20.Rg3 Nd4 21.Nd5 Nf5 22.Rc3 b6
23.Qf4 Bb7 24.e4 Bxd5 25.Rxd5 Qb7 26.Bb5 Nd4 27.Rd7 Qb8 28.Rxe7 Nxb5 29.Rg3
{#r} 1-0

[Event "Ch Poland (team) (juniors) (under 20) (2 div)"]
[Site "masterchessopen.com – Biala-Podlaska (Poland)"]
[Round "7"]
[White "Rek Krzysztof (POL)"]
[Black "Blandzi Daniel (POL)"]
[Result "0-1"]
[WhiteElo "2043"]
[BlackElo "2026"]

1.d4 Nf6 2.Nf3 g6 3.c4 Bg7 4.Nc3 d5 5.cxd5 Nxd5 6.Bd2 O-O 7.e4 Nxc3 8.Bxc3 c5
9.d5 e5 10.Bd3 f5 11.O-O fxe4 12.Bxe4 Qd6 13.Qb3 b6 14.Rfe1 Nd7 15.Nd2 Ba6
16.Nc4 Bxc4 17.Qxc4 a6 18.b4 b5 19.Qb3 c4 20.Qb2 Rae8 21.Bf3 Nb6 22.Be4 Na4
23.Qd2 Qb6 24.Rac1 Bh6 25.Qxh6 Qxf2+ {#R} 0-1

[Event "It (open)"]
[Site "masterchessopen.com – Bratto (Italy)"]
[Round "3"]
[White "Marzano Carlo (ITA)"]
[Black "Aglietti Graziano (ITA)"]
[Result "1-0"]
[WhiteElo "2236"]
[BlackElo "2062"]

1.d4 Nf6 2.Nf3 g6 3.c4 Bg7 4.Nc3 d5 5.cxd5 Nxd5 6.Bd2 c5 7.Rc1 Nxc3 8.Bxc3
cxd4 9.Nxd4 O-O 10.Nb5 Bxc3+ 11.Nxc3 Qb6 12.Nd5 Qxb2 13.Nc7 Nc6 14.Nxa8 Rd8
15.Qc2 Qa3 16.e3 Bf5 17.Qc3 Qa4 18.Nc7 Nb4 19.Bb5 Nd3+ 20.Qxd3 Qb4+ 21.Qc3
{#r} 1-0

[Event "It (cat.9)"]
[Site "masterchessopen.com – Budapest (Hungary)"]
[Round "9"]
[White "Wang Rui (CHN)"]
[Black "Fogarasi Tibor (HUN)"]
[Result "1-0"]
[WhiteElo "2526"]
[BlackElo "2456"]

1.d4 Nf6 2.c4 g6 3.Nf3 Bg7 4.Nc3 d5 5.cxd5 Nxd5 6.Bd2 O-O 7.e4 Nb6 8.Be3 Bg4
9.Be2 Nc6 10.d5 Bxf3 11.gxf3 Na5 12.Bd4 c5 13.Bxg7 Kxg7 14.Qc2 e5 15.Nd1 c4
16.Qc3 Nd7 17.f4 f6 18.f5 g5 19.h4 h6 20.b4 cxb3 21.axb3 b6 22.b4 Nb7 23.Qc6
Qc8 24.Ba6 Rb8 25.Rc1 {#r} 1-0

[Event "It (open) \"]
[Site "masterchessopen.com – Eforie Nord (Romania)"]
[Round "0"]
[White "Tseitline Semen (RUS)"]
[Black "Raut Cristian (ROM)"]
[Result "0-1"]
[WhiteElo "2050"]
[BlackElo "2170"]

1.Nf3 Nf6 2.d4 g6 3.c4 Bg7 4.Nc3 d5 5.cxd5 Nxd5 6.Bd2 O-O 7.e4 Nb6 8.Be3 Bg4
9.d5 c6 10.dxc6 Nxc6 11.Be2 Bxf3 12.Bxf3 Nc4 13.Qe2 N6e5 14.O-O Qa5 15.Rac1 e6
16.Rfd1 Rac8 17.Bd4 Nxf3+ 18.Qxf3 Nxb2 19.Bxg7 Kxg7 20.Rd7 Na4 {#R} 0-1

[Event "Tournament"]
[Site "masterchessopen.com – Mercenarios (Mexico)"]
[Round "6"]
[White "De Winter Willy (MEX)"]
[Black "Lopez Aguilar Hector (MEX)"]
[Result "1-0"]
[WhiteElo "2157"]
[BlackElo "1779"]

1.d4 Nf6 2.Nf3 g6 3.c4 Bg7 4.Nc3 d5 5.cxd5 Nxd5 6.Bd2 O-O 7.e4 Nxc3 8.Bxc3 Nd7
9.Be2 Nb6 10.Qc2 c6 11.Rd1 Be6 12.b3 Qc7 13.O-O f5 14.Ng5 Bd7 15.Ba5 Qf4
16.Bd2 Qd6 17.e5 Qc7 18.Bc4+ Nxc4 19.Qxc4+ Kh8 20.Nf7+ Kg8 21.Nh6+ Kh8 22.Qg8+
Rxg8 23.Nf7# 1-0

[Event "It (open)"]
[Site "masterchessopen.com – Montecatini Terme (Italy)"]
[Round "2"]
[White "Iotti Pierluigi (ITA)"]
[Black "Palac Mladen (CRO)"]
[Result "0-1"]
[WhiteElo "2294"]
[BlackElo "2573"]

1.d4 Nf6 2.Nf3 g6 3.c4 Bg7 4.Nc3 d5 5.cxd5 Nxd5 6.Bd2 O-O 7.e4 Nb6 8.Be3 Bg4
9.Qd2 Nc6 10.O-O-O e5 11.d5 Nd4 12.Be2 Bxf3 13.gxf3 c5 14.dxc6 bxc6 15.f4 Qh4
16.fxe5 Rfd8 17.Qe1 Bxe5 18.f4 Nxe2+ 19.Nxe2 Rxd1+ 20.Kxd1 Qd8+ 21.Qd2 Nc4
{#R} 0-1

[Event "Ch Spain (juniors) (under 18) (g)"]
[Site "masterchessopen.com – Oropesa (Spain)"]
[Round "7"]
[White "Martinez Gonzalez Maria A (ESP)"]
[Black "Alvarez Vila Aroa (ESP)"]
[Result "0-1"]
[WhiteElo "1954"]
[BlackElo "2048"]

1.d4 Nf6 2.Nf3 g6 3.c4 Bg7 4.Nc3 d5 5.cxd5 Nxd5 6.Bd2 O-O 7.e4 Nxc3 8.Bxc3 e6
9.Bc4 c5 10.O-O cxd4 11.Bxd4 Nc6 12.Bxg7 Kxg7 13.e5 b6 14.Qe2 Bb7 15.Rfd1 Qe7
16.Rd6 Rfd8 17.Qd2 Nxe5 18.Rxd8 Nxf3+ 19.gxf3 Rxd8 20.Qc3+ Qf6 21.Qxf6+ Kxf6
22.Kg2 Rd2 23.b3 g5 24.h3 h5 25.Kg3 Kf5 26.a3 h4+ 27.Kg2 Kf4 28.Re1 Bxf3+ {#R}
0-1

[Event "It (open)"]
[Site "masterchessopen.com – Passau (Germany)"]
[Round "2"]
[White "Stierle Martin (GER)"]
[Black "Navara David (CZE)"]
[Result "0-1"]
[WhiteElo "1964"]
[BlackElo "2433"]

1.d4 Nf6 2.Nf3 g6 3.c4 Bg7 4.Nc3 d5 5.cxd5 Nxd5 6.Qb3 Nxc3 7.bxc3 b6 8.e3 O-O
9.Bc4 Nc6 10.Be2 Na5 11.Qc2 c5 12.O-O cxd4 13.cxd4 Bb7 14.Ba3 Qd7 15.Rfc1 Rfc8
16.Qd3 Bd5 17.Nd2 Rxc1+ 18.Bxc1 Rc8 19.Qa3 Bf8 20.Qb2 Qa4 21.Nb3 Nxb3 22.axb3
Qxb3 {#R} 0-1

[Event "It"]
[Site "masterchessopen.com – Porto (Portugal)"]
[Round "5"]
[White "Costa Joao Guerra (POR)"]
[Black "Sousa Nuno (POR)"]
[Result "0-1"]
[WhiteElo "2006"]
[BlackElo "1977"]

1.d4 Nf6 2.Nf3 g6 3.c4 Bg7 4.Nc3 d5 5.cxd5 Nxd5 6.Nxd5 Qxd5 7.e3 c5 8.dxc5
Qxd1+ 9.Kxd1 O-O 10.Bd3 Nd7 11.c6 Nc5 12.cxb7 Bxb7 13.Bc4 Rac8 14.Nd2 Bxg2
15.Rg1 Bb7 16.h4 Ne4 17.Nxe4 Rxc4 18.Nc3 Re8 19.Kc2 Be4+ 20.Kb3 Rc6 21.a3 Bxc3
22.bxc3 Rb8+ {#R} 0-1

[Event "It (open)"]
[Site "masterchessopen.com – Schwarzach (Austria)"]
[Round "3"]
[White "Riedel Wolfgang (GER)"]
[Black "Vehreschild Axel (GER)"]
[Result "1-0"]
[WhiteElo "2335"]
[BlackElo "2122"]

1.d4 Nf6 2.c4 g6 3.Nc3 d5 4.Nf3 Bg7 5.cxd5 Nxd5 6.Qb3 Nxc3 7.bxc3 O-O 8.e3 c5
9.Be2 cxd4 10.cxd4 Nd7 11.O-O b6 12.Ba3 Bb7 13.Rac1 Re8 14.Rfd1 Bf8 15.d5 Rc8
16.Bb5 Rxc1 17.Bxc1 Qc7 18.Bb2 Rc8 19.Qa4 Nf6 20.d6 Qd8 21.d7 Rc5 22.Ne5 a6
23.Bc6 b5 24.Qb3 Rxe5 25.Bxb7 Re6 26.Qc3 Bg7 27.Qc8 {#r} 1-0

[Event "It (open) (w)"]
[Site "masterchessopen.com – Tan Binh (Vietnam)"]
[Round "10"]
[White "Nguyen Thi Thanh An (VIE)"]
[Black "Le Thi Phuong Lien (VIE)"]
[Result "0-1"]
[WhiteElo "2281"]
[BlackElo "2174"]

1.d4 Nf6 2.Nf3 g6 3.c4 d5 4.Nc3 Bg7 5.cxd5 Nxd5 6.Bd2 O-O 7.e4 Nxc3 8.Bxc3 c5
9.Be2 cxd4 10.Bxd4 Bxd4 11.Qxd4 Qa5+ 12.b4 Qc7 13.O-O Nc6 14.Qb2 Bg4 15.h3
Bxf3 16.Bxf3 e5 17.Rac1 Qe7 18.a3 a5 19.b5 Nd4 20.Bg4 h5 21.Bd1 Rac8 22.Bb3
{#R} 0-1

[Event "Ch American Continent"]
[Site "masterchessopen.com – Cali (Colombia)"]
[Round "5"]
[White "Garcia Alvaro (URU)"]
[Black "Mieles Palau Daniel (ECU)"]
[Result "0-1"]
[WhiteElo "2125"]
[BlackElo "2420"]

1.d4 Nf6 2.c4 g6 3.Nc3 d5 4.Nf3 Bg7 5.cxd5 Nxd5 6.Qb3 Nb6 7.Bg5 O-O 8.Rd1 h6
9.Bh4 Be6 10.d5 Bg4 11.Nd4 c6 12.dxc6 bxc6 13.Nxc6 Qc7 14.Nxe7+ Kh8 15.Ned5
Nxd5 16.Qxd5 Na6 17.f3 Be6 18.Qd6 Qa5 19.Be7 Rfc8 20.e4 Nc5 21.Be2 Rab8 22.Rd2
Rxb2 23.Rxb2 Bxc3+ 24.Rd2 Kh7 25.Bd1 Bc4 26.Bc2 Qxa2 {#R} 0-1

[Event "It (open)"]
[Site "masterchessopen.com – Gelsenkirchen (Germany)"]
[Round "9"]
[White "Kalka Arkadius Georg (GER)"]
[Black "Seel Christian (GER)"]
[Result "1-0"]
[WhiteElo "2386"]
[BlackElo "2282"]

1.d4 Nf6 2.c4 g6 3.Nc3 d5 4.Nf3 Bg7 5.cxd5 Nxd5 6.Qb3 Nb6 7.e4 Bxd4 8.Nxd4
Qxd4 9.Bh6 Be6 10.Qc2 Nc6 11.Nb5 Qe5 12.f4 Qh5 13.Nxc7+ Kd7 14.Nxa8 Rxa8
15.Bg5 Bg4 16.Be2 Ke8 17.Bxg4 Qxg4 18.Qe2 Qe6 19.O-O f6 20.Bh4 Rd8 21.Bf2 Nd4
22.Bxd4 Rxd4 23.Rfe1 Kf7 24.b3 Qd6 25.e5 Qc5 26.Qf2 Qd5 27.exf6 Rd2 28.fxe7
Ke8 29.Qxd2 {#r} 1-0

[Event "Bundesliga (2nd) South 2000/01"]
[Site "masterchessopen.com – Germany"]
[Round "6"]
[White "Bronznik Valerij (UKR)"]
[Black "Bauer Manfred (AUT)"]
[Result "1-0"]
[WhiteElo "2407"]
[BlackElo "2004"]

1.d4 Nf6 2.c4 g6 3.Nc3 d5 4.Nf3 Bg7 5.cxd5 Nxd5 6.Na4 O-O 7.e4 Nf6 8.Bd3 Bg4
9.e5 Nd5 10.Be4 c6 11.O-O f6 12.Qb3 Bxf3 13.Bxf3 fxe5 14.Qxb7 Nc7 15.Qb3+ e6
16.dxe5 Bxe5 17.h3 Qf6 18.Nc5 Nd5 19.Bxd5 exd5 20.Qb7 Qd6 21.Bh6 Rf5 22.Rfe1
{#r} 1-0

[Event "Oberliga East B 2001/02"]
[Site "masterchessopen.com – Germany"]
[Round "1"]
[White "Schoebel Wolfgang (GER)"]
[Black "Schneider Heiko (GER)"]
[Result "1-0"]
[WhiteElo "2263"]
[BlackElo "2229"]

1.c4 Nf6 2.Nf3 g6 3.Nc3 d5 4.d4 Bg7 5.cxd5 Nxd5 6.Bd2 O-O 7.Rc1 Nb6 8.e3 Nc6
9.Bb5 Bd7 10.O-O a6 11.Be2 e5 12.d5 Ne7 13.e4 Kh8 14.Qb3 Nbc8 15.Qxb7 Nd6
16.Qb3 h6 17.Be3 f5 18.Nd2 fxe4 19.Ndxe4 Nxe4 20.Nxe4 Rb8 21.Qc2 Bf5 22.Rfd1
Nxd5 23.Bc5 Rf7 24.Bf3 Rd7 25.Qc4 Rxb2 26.Qxa6 Nb6 27.Rxd7 Qxd7 28.a3 Kh7
29.Bb4 Qd4 30.Bc3 {#r} 1-0

[Event "Ch Poland (team) (juniors) (under 20) (2 div)"]
[Site "masterchessopen.com – Krynica (Poland)"]
[Round "8"]
[White "Worek Joanna (POL)"]
[Black "Sobocinska Malgorzata (POL)"]
[Result "1-0"]
[WhiteElo "2203"]
[BlackElo "1900"]

1.d4 Nf6 2.c4 g6 3.Nc3 d5 4.Nf3 Bg7 5.cxd5 Nxd5 6.Bd2 c5 7.Rc1 Nxc3 8.bxc3
cxd4 9.cxd4 O-O 10.e3 Nc6 11.Bc3 Qd5 12.a3 Bg4 13.Be2 Rfd8 14.O-O Rac8 15.Qa4
a6 16.h3 Bxf3 17.Bxf3 Qd7 18.Ba5 b5 19.Bxc6 Rxc6 20.Qb3 Rdc8 {#r} 1-0

[Event "It (open)"]
[Site "masterchessopen.com – Latschach (Austria)"]
[Round "3"]
[White "Horvath Peter_ (HUN)"]
[Black "Zvan Ziga (SLO)"]
[Result "1-0"]
[WhiteElo "2450"]
[BlackElo "2139"]

1.d4 Nf6 2.Nf3 g6 3.c4 Bg7 4.Nc3 d5 5.cxd5 Nxd5 6.Na4 O-O 7.e4 Nf6 8.Nc3 Bg4
9.Be2 Nc6 10.d5 Nb8 11.O-O c6 12.h3 Bc8 13.Bf4 cxd5 14.exd5 e6 15.d6 Nc6
16.Qd2 Qd7 17.Rfd1 Rd8 18.Bg5 b6 19.Bb5 Qb7 20.Qf4 Nh5 21.Qe4 Bd7 22.Bxd8 Rxd8
23.Nd4 Bxd4 24.Rxd4 a6 25.Bf1 e5 26.Rd2 f5 27.Qc4+ Kg7 28.Qxa6 {#r} 1-0

[Event "Ch World (juniors) (under 14)"]
[Site "masterchessopen.com – Oropesa (Spain)"]
[Round "6"]
[White "Mankeyev Rauan (KAZ)"]
[Black "Meszaros Michal (SVK)"]
[Result "1-0"]
[WhiteElo "2333"]
[BlackElo "2252"]

1.d4 Nf6 2.c4 g6 3.Nc3 d5 4.Nf3 Bg7 5.cxd5 Nxd5 6.Bd2 Nb6 7.e3 O-O 8.Rc1 a6
9.Be2 Nc6 10.O-O e5 11.dxe5 Nxe5 12.Qc2 Qe7 13.Rfd1 Be6 14.Nd4 Nd5 15.Ne4 f5
16.Nc5 Qf7 17.b3 Rfe8 18.Ba5 Rac8 19.Bc3 {#r} 1-0

[Event "Ch Belgium (team) 2002/03"]
[Site "masterchessopen.com – Belgium"]
[Round "5"]
[White "Friedrichs Klaus (GER)"]
[Black "Goormachtigh Johan (BEL)"]
[Result "1-0"]
[WhiteElo "2356"]
[BlackElo "2303"]

1.d4 Nf6 2.Nf3 g6 3.c4 Bg7 4.Nc3 d5 5.cxd5 Nxd5 6.Na4 Nd7 7.e4 N5b6 8.Be2 c5
9.Be3 Nxa4 10.Qxa4 cxd4 11.Nxd4 O-O 12.Rd1 Qc7 13.O-O Qe5 14.Nf3 Qxb2 15.Bb5
Ne5 16.Nd4 a6 17.Rb1 axb5 18.Qxa8 Qc3 19.Rbc1 {#r} 1-0

[Event "It (open)"]
[Site "masterchessopen.com – Bermuda"]
[Round "2"]
[White "Simon Jerry C (USA)"]
[Black "Shahade Gregory (USA)"]
[Result "0-1"]
[WhiteElo "2140"]
[BlackElo "2452"]

1.d4 Nf6 2.c4 g6 3.Nc3 d5 4.Nf3 Bg7 5.cxd5 Nxd5 6.Qb3 Nxc3 7.bxc3 O-O 8.Ba3
Nd7 9.Rd1 c5 10.d5 Qa5 11.Bb2 c4 12.Qc2 Qxa2 13.e4 Nc5 14.Ra1 Qb3 15.Qxb3 cxb3
16.Nd2 f5 17.f3 fxe4 18.Nxe4 Nxe4 19.fxe4 a5 20.Bc4 Rf4 21.Bd3 a4 22.Rf1 Rxf1+
23.Bxf1 Bd7 24.Kd2 Rf8 25.Be2 b5 {#R} 0-1

[Event "It (open)"]
[Site "masterchessopen.com – Cappelle la Grande (France)"]
[Round "7"]
[White "Lorscheid Gerhard (GER)"]
[Black "Holzke Frank (GER)"]
[Result "0-1"]
[WhiteElo "2322"]
[BlackElo "2479"]

1.d4 Nf6 2.c4 g6 3.Nf3 Bg7 4.Nc3 d5 5.cxd5 Nxd5 6.Bd2 O-O 7.Qb3 Nb6 8.Rd1 Be6
9.Qc2 Nc6 10.Bf4 Nb4 11.Qb1 N6d5 12.Bd2 c5 13.e3 cxd4 14.Nxd5 Nxd5 15.Nxd4
Bxd4 16.exd4 Qb6 17.Bh6 Rfc8 18.a3 Bg4 19.Rd2 Nc3 20.Qd3 Qe6+ 21.Be3 Nd5
22.Be2 Rc1+ 23.Rd1 Rxd1+ 24.Kxd1 Rc8 25.Bd2 Bxe2+ 26.Qxe2 Qf5 27.Bc1 Nf4 {#R}
0-1

[Event "Oberliga NN 2001/02"]
[Site "masterchessopen.com – Germany"]
[Round "9"]
[White "Barth Rainer (GER)"]
[Black "Bachmann Andreas (GER)"]
[Result "1-0"]
[WhiteElo "2272"]
[BlackElo "2243"]

1.d4 Nf6 2.c4 g6 3.Nc3 d5 4.Nf3 Bg7 5.cxd5 Nxd5 6.Bd2 O-O 7.Rc1 Nc6 8.e3 e5
9.Nxd5 Qxd5 10.Bc4 Qd6 11.d5 Ne7 12.Qb3 c5 13.Bc3 b5 14.Qxb5 Nxd5 15.Bxd5 Qxd5
16.Rd1 Qxa2 17.Nxe5 Ba6 18.Qd7 Rfe8 19.Qd5 Qa4 20.Qxf7+ {#r} 1-0

[Event "It (cat.3)"]
[Site "masterchessopen.com – Montreal (Canada)"]
[Round "2"]
[White "Lazarev Vladimir (FRA)"]
[Black "Gravel Simon (CAN)"]
[Result "1-0"]
[WhiteElo "2506"]
[BlackElo "2242"]

1.d4 Nf6 2.c4 g6 3.Nc3 d5 4.Nf3 Bg7 5.cxd5 Nxd5 6.Bd2 O-O 7.Rc1 Nb6 8.Bg5 Bg4
9.e3 Nc6 10.Be2 Qd7 11.O-O Rfe8 12.h3 Bxf3 13.Bxf3 e5 14.dxe5 Nxe5 15.Bxb7
Rab8 16.Ba6 Qf5 17.Bh4 g5 18.Bg3 Red8 19.Qc2 Qe6 20.b3 Na4 21.Nxa4 Qxa6
22.Rfd1 c6 23.Nc5 Qb5 24.Ne4 h6 25.Nd6 Qb4 26.Nf5 Rxd1+ 27.Rxd1 Re8 28.Bxe5
Rxe5 29.Qxc6 Rc5 30.Qe8+ {#r} 1-0

[Event "It (open) \"]
[Site "masterchessopen.com – Schwabisch Gmund (Germany)"]
[Round "6"]
[White "Kunz Konstantin (GER)"]
[Black "Mueller Ralf (GER)"]
[Result "0-1"]
[WhiteElo "2236"]
[BlackElo "2318"]

1.d4 Nf6 2.Nf3 g6 3.c4 Bg7 4.Nc3 d5 5.cxd5 Nxd5 6.Bd2 Nb6 7.Bg5 N8d7 8.e3 c6
9.h3 O-O 10.Rc1 Qe8 11.Bf4 e5 12.Bh2 exd4 13.Nxd4 Ne5 14.b3 Qe7 15.Be2 Rd8
16.Qc2 c5 17.Nf3 Nc6 18.Nb5 c4 19.bxc4 Bf5 20.Qb3 Na5 21.Bd6 Nxb3 22.Bxe7 Nxc1
23.Bxd8 Rxd8 24.c5 Nxe2 25.cxb6 Bd3 26.Nbd4 Nxd4 27.Nxd4 axb6 28.Kd2 Be4 {#R}
0-1

[Event "It (cat.8)"]
[Site "masterchessopen.com – Tel Aviv (Israel)"]
[Round "4"]
[White "Gofshtein Zvulon (ISR)"]
[Black "Livshits Gaby (ISR)"]
[Result "1-0"]
[WhiteElo "2513"]
[BlackElo "2410"]

1.d4 Nf6 2.c4 g6 3.Nc3 d5 4.Nf3 Bg7 5.cxd5 Nxd5 6.Qb3 Nxc3 7.bxc3 O-O 8.Ba3 b6
9.e3 c5 10.Be2 Nc6 11.O-O Na5 12.Qb2 Be6 13.Nd2 Qc7 14.Rac1 Rfd8 15.Rfd1 Bd5
16.Qb1 e5 17.dxc5 bxc5 18.c4 Be6 19.Bf3 Rab8 20.Qc2 f5 21.Bd5 Bxd5 22.cxd5
Rxd5 23.e4 fxe4 24.Nxe4 Rbd8 25.Rxd5 Rxd5 26.Bxc5 h6 27.h4 a6 28.Qe2 Rd4
29.Qxa6 Nb7 30.Qxg6 {#r} 1-0

[Event "Ch Hungary (team) 2001/02 (2 liga)"]
[Site "masterchessopen.com – Hungary"]
[Date "2002.03.24"]
[Round "9"]
[White "Ladanyi Tibor (HUN)"]
[Black "Szakall Tamas (HUN)"]
[Result "1-0"]
[WhiteElo "2199"]
[BlackElo "2219"]

1.d4 Nf6 2.c4 g6 3.Nc3 d5 4.Nf3 Bg7 5.cxd5 Nxd5 6.Na4 O-O 7.e4 Nb6 8.Be2 Bg4
9.Be3 Nc6 10.d5 Ne5 11.Bd4 Nxf3+ 12.gxf3 Bxd4 13.Qxd4 Bh3 14.Nc3 c6 15.O-O-O
cxd5 16.exd5 Bf5 17.b3 Rc8 18.Kb2 Qc7 19.Rd2 Rfd8 20.Nb5 Qd7 21.Nxa7 Qxd5
22.Nxc8 Rxc8 23.Qxd5 Nxd5 24.Bc4 Nf4 25.a4 Kg7 26.Kc3 e5 27.Rhd1 Rc7 28.Kb4 e4
29.fxe4 Bxe4 30.Rd7 {#r} 1-0

[Event "Ch Netherlands (open)"]
[Site "masterchessopen.com – Dieren (Netherlands)"]
[Round "7"]
[White "Eerens Pim (NED)"]
[Black "Schoorl Rob (NED)"]
[Result "1-0"]
[WhiteElo "2153"]
[BlackElo "2226"]

1.d4 Nf6 2.Nf3 g6 3.c4 Bg7 4.Nc3 d5 5.cxd5 Nxd5 6.Bg5 h6 7.Bh4 Nxc3 8.bxc3 c5
9.e3 Qa5 10.Qd2 Nc6 11.Rc1 e6 12.Bd3 b6 13.Be4 Bb7 14.Ne5 Rc8 15.Nc4 {#r} 1-0

[Event "It (open)"]
[Site "masterchessopen.com – San Martino di Castrozza (Italy)"]
[Round "2"]
[White "Naumkin Igor (RUS)"]
[Black "Bartonicek Zdenek (CZE)"]
[Result "1-0"]
[WhiteElo "2479"]
[BlackElo "2122"]

1.d4 Nf6 2.Nf3 g6 3.c4 Bg7 4.Nc3 d5 5.cxd5 Nxd5 6.Bd2 O-O 7.Rc1 Nc6 8.e4 Nb6
9.d5 Ne5 10.Nxe5 Bxe5 11.a4 Bd7 12.a5 Nc8 13.Be2 e6 14.O-O exd5 15.Nxd5 c6
16.Bc3 Bxc3 17.Nxc3 Qe7 18.e5 Rd8 19.Qd4 Be6 20.Qf4 Bd5 21.Rfd1 Qe8 22.Nxd5
Rxd5 23.Rxd5 cxd5 24.Rc7 Ne7 25.Rxb7 Rb8 26.a6 Rxb7 27.axb7 Qb8 28.Ba6 Qc7
29.g3 Qb6 30.e6 {#r} 1-0

[Event "Ch Sweden (team) 2003/04"]
[Site "masterchessopen.com – Malme (Sweden)"]
[Date "2003.11.11"]
[Round "3"]
[White "Vass Frantisek (SVK)"]
[Black "Karlsson Tomas (SWE)"]
[Result "1-0"]
[WhiteElo "2180"]
[BlackElo "2267"]

1.Nf3 Nf6 2.d4 g6 3.c4 Bg7 4.Nc3 d5 5.cxd5 Nxd5 6.Bd2 O-O 7.e4 Nb6 8.Be3 Nc6
9.h3 e5 10.d5 Ne7 11.a4 f5 12.a5 Nd7 13.Ng5 Nf6 14.Qb3 Kh8 15.Rd1 h6 16.Ne6
Bxe6 17.dxe6 Qc8 18.Bc5 Re8 19.Bxe7 Rxe7 20.Bc4 c6 21.exf5 gxf5 22.O-O Nh5
23.Ne2 Bf6 24.Qf3 Ng7 25.Ng3 f4 26.Ne4 Qf8 27.Qg4 b5 28.axb6 axb6 29.Nd6 b5
30.Bb3 {#r} 1-0

[Event "Ch Russia (juniors) (under 12) (g)"]
[Site "masterchessopen.com – Dagomys (Russia)"]
[Round "8"]
[White "Kazakova Anastasiya (RUS)"]
[Black "Abuladze Lana (RUS)"]
[Result "0-1"]
[WhiteElo "1938"]
[BlackElo "2039"]

1.d4 Nf6 2.c4 g6 3.Nc3 d5 4.Nf3 Bg7 5.cxd5 Nxd5 6.Bd2 Bf5 7.Rc1 Nb6 8.e3 O-O
9.Be2 N8d7 10.O-O c5 11.h3 Be6 12.Ne4 cxd4 13.Nxd4 Bd5 14.Nc3 Bc4 15.b3 Bxe2
16.Ncxe2 Nd5 17.Nb5 N7f6 18.Nbc3 Rc8 19.Nxd5 Qxd5 20.Nc3 Qd3 21.Qe2 Rxc3
22.Qxd3 Rxd3 23.Bb4 Nd5 24.Rc4 b5 {#R} 0-1

[Event "It (open)"]
[Site "masterchessopen.com – Southend (England)"]
[Date "2004.04.11"]
[Round "5"]
[White "Muter Donny (ENG)"]
[Black "Giles Benjamin (NZL)"]
[Result "1-0"]
[WhiteElo "2113"]
[BlackElo "2075"]

1.d4 Nf6 2.Nf3 g6 3.c4 Bg7 4.Nc3 d5 5.cxd5 Nxd5 6.Na4 O-O 7.e4 Nb6 8.Nxb6 axb6
9.h3 c5 10.d5 e6 11.Be2 exd5 12.exd5 Na6 13.Bg5 Qd6 14.Qd2 Nb4 15.Bc4 Re8+
16.Be3 Re4 17.Bd3 Bxb2 18.Bxe4 Bxa1 19.O-O Rxa2 20.Qd1 Bf6 21.Qb3 Bd7 22.Bh6
Ba4 23.Qe3 Nxd5 24.Bxd5 Qxd5 25.Qf4 Qe6 26.Re1 Re2 27.Rxe2 {#r} 1-0